00729nam a2200217Ia 4500003000900000008004100009020001800050040001600068080002100084100001700105245014100122260004900263300000900312650004100321650003200362650003200394700002000426700002500446700001900471700002100490IN-BaIIA211028s9999 xx 000 0 eng d a3-923524-41-2 cIIA Library a083.8:524.5bACK aAgnes, Acker 4aThe Strasbourg-ESO catalogue of galactic planetary nebulaebpt. 1cAcker Agnes…[et al.]  aGermanybEuropean Southern Observatoryc1992 a295p aAstronomy and Astrophysics Thesaurus aCatalogue-Planetary Nebulae aPlanetary Nebulae-Catalogue aBjorn, Stenholm aFrancois, Ochsenbein aJames, Marcout aRomuald, Tylenda